Entrapped /
Tallennettuna:
| Päätekijä: | |
|---|---|
| Aineistotyyppi: | Kirja |
| Kieli: | englanti |
| Julkaistu: |
Westport, Conn. :
L. Hill,
1976.
|
| Painos: | 1st ed. |
| Aiheet: | |
| Tagit: |
Ei tageja, Lisää ensimmäinen tagi!
|
MARC
| LEADER | 00000cam a2200000 i 4500 | ||
|---|---|---|---|
| 001 | 4581916 | ||
| 003 | loc | ||
| 005 | 20250728142851.0 | ||
| 008 | 760226s1976 ctua 000 0aeng | ||
| 010 | |a 75041812 | ||
| 020 | |a 0882080644 | ||
| 020 | |a 9780882080642 | ||
| 035 | |a 4581916 | ||
| 040 | |a DLC |c DLC |d DLC | ||
| 050 | 0 | 0 | |a HQ76.3.U5 |b B37 |
| 082 | 0 | 0 | |a 301.41/57/0924 |
| 100 | 1 | |a Baskett, Edward Eugene. | |
| 245 | 1 | 0 | |a Entrapped / |c Edward Eugene Baskett ; introd. by James A. Warren. |
| 250 | |a 1st ed. | ||
| 260 | |a Westport, Conn. : |b L. Hill, |c 1976. | ||
| 300 | |a 151 p. : |b ill. ; |c 22 cm. | ||
| 336 | |a text |b txt |2 rdacontent | ||
| 337 | |a unmediated |b n |2 rdamedia | ||
| 338 | |a volume |b nc |2 rdacarrier | ||
| 600 | 1 | 0 | |a Baskett, Edward Eugene. |
| 650 | 0 | |a Gay men |x Biography. | |
| 906 | |a 7 |b cbc |c orignew |d 1 |e ocip |f 19 |g y-gencatlg | ||
| 942 | |2 ddc |c BK | ||
| 952 | |0 0 |1 0 |2 ddc |4 0 |7 0 |9 8882 |a MI |b MI |d 2008-02-03 |i 852 |l 0 |p CDOM852 |r 2025-07-17 21:50:38 |w 2025-07-17 |x ACQUISTO |y BK | ||
| 955 | |a LCAP batch update 2025-06-02-04:00: LCAPM-644, LCAPM-150 | ||
| 999 | |c 7386 |d 7386 | ||